ბათუმის შოთა რუსთაველის სახელმწიფო უნივერსიტეტის ბიბლიოთეკა

Alter Ego. 5 Methode de Frangais. C1.C2 (ბიბ.ჩანაწერი № 45717)

000 -LEADER
fixed length control field 00596nam a2200241Ia 4500
001 - CONTROL NUMBER
control field 12544
003 - CONTROL NUMBER IDENTIFIER
control field GE_BSU
008 - FIXED-LENGTH DATA ELEMENTS--GENERAL INFORMATION
fixed length control field 181216s||||||||xx |||||||||||||| ||und||
020 ## - INTERNATIONAL STANDARD BOOK NUMBER
International Standard Book Number 9782011557988
040 ## - CATALOGING SOURCE
Transcribing agency GE_BSU
080 ## - UNIVERSAL DECIMAL CLASSIFICATION NUMBER
Universal Decimal Classification number 811.133.1
100 ## - MAIN ENTRY--PERSONAL NAME
Personal name Berther, Anne. Louvel,Cedric
245 ## - TITLE STATEMENT
Title Alter Ego. 5 Methode de Frangais. C1.C2
245 ## - TITLE STATEMENT
Remainder of title Cahier de Perfectionnement
260 ## - PUBLICATION, DISTRIBUTION, ETC.
Place of publication, distribution, etc. Paris
260 ## - PUBLICATION, DISTRIBUTION, ETC.
Name of publisher, distributor, etc. Hachette
260 ## - PUBLICATION, DISTRIBUTION, ETC.
Date of publication, distribution, etc. 2010
300 ## - PHYSICAL DESCRIPTION
Extent 127p.29cm.
653 ## - INDEX TERM--UNCONTROLLED
Uncontrolled term Alter Ego. Methode de Frangais
653 ## - INDEX TERM--UNCONTROLLED
Uncontrolled term გრამატიკა
942 ## - ADDED ENTRY ELEMENTS (KOHA)
Koha item type წიგნი
ეგზემპლარები
Withdrawn status Lost status Damaged status Not for loan Date acquired Barcode Date last seen Price effective from Koha item type
        2018-12-17 36296 2018-12-17 2018-12-17 წიგნი
        2018-12-17 36297 2018-12-17 2018-12-17 წიგნი
        2018-12-17 36298 2018-12-17 2018-12-17 წიგნი
        2018-12-17 36299 2018-12-17 2018-12-17 წიგნი
        2018-12-17 36300 2018-12-17 2018-12-17 წიგნი